Algebraic attack on A5-type irregularly clocked key stream generator (Record no. 181111)

000 -LEADER
fixed length control field 00402 a2200157 4500
003 - CONTROL NUMBER IDENTIFIER
control field Nust
005 - DATE AND TIME OF LATEST TRANSACTION
control field 20170207153204.0
040 ## - CATALOGING SOURCE
Transcribing agency Nust
082 ## - DEWEY DECIMAL CLASSIFICATION NUMBER
Classification number 005.8
100 ## - MAIN ENTRY--PERSONAL NAME
Personal name Afzal, Mehreen MSCS-2
245 ## - TITLE STATEMENT
Title Algebraic attack on A5-type irregularly clocked key stream generator
Statement of responsibility, etc. Mehreen Afzal MSCS-2
260 ## - PUBLICATION, DISTRIBUTION, ETC.
Name of publisher, distributor, etc. MCS
Date of publication, distribution, etc. May, 2007
300 ## - PHYSICAL DESCRIPTION
Extent 48 p.
538 ## - SYSTEM DETAILS NOTE
System details note Almirah No 69 Shelf No 6
650 ## - SUBJECT ADDED ENTRY--TOPICAL TERM
Topical term or geographic name entry element MSIS
942 ## - ADDED ENTRY ELEMENTS (KOHA)
Koha item type
Holdings
Withdrawn status Lost status Source of classification or shelving scheme Damaged status Not for loan Collection code Permanent Location Current Location Date acquired Total Checkouts Full call number Barcode Date last seen Price effective from Koha item type
            Military College of Signals (MCS) Military College of Signals (MCS) 12/12/2016   005.8 AFZ MCSTIS-15 12/08/2016 12/12/2016 Book
            Military College of Signals (MCS) Military College of Signals (MCS) 12/12/2016   005.8 AFZ MCSTIS-73 12/08/2016 12/12/2016 Book
© 2023 Central Library, National University of Sciences and Technology. All Rights Reserved.